000 00612nam a2200229Ia 4500
003 OSt
005 20221005123538.0
006 a|||||r|||| 00| 0
007 ta
008 221004b |||||||| |||| 00| 0 eng d
024 _a66546
037 _cTextual
040 _aCRL
_cCRL
_beng
041 _2eng
_aeng
082 _aV52:1wxD55, G4
100 _aTranquillus Caius Suetonious
_9633813
245 0 _aLives of the twelve Caesars tr by H M Bird
260 _c1934
650 _aHISTORY
942 _hV52:1wxD55, G4
_cTEXL
_2cc
999 _c1047751
_d1047751